Представление документа в формате RUSMARC

ПолеНазваниеЗначение
  Тип записи a
  Библиографический уровень a
001 Контрольный номер RU/CBS_UL/BASE/50ef1f19b54b4a2ea1873c5ff5683c1b
005 Дата корректировки 20260312113946.8
100 Данные общей обработки __
a Данные общей обработки 20260312 ||| 0rusy0189 ca
101 Язык документа 0_
a Язык текста rus
102 Страна публикации __
a Страна публикации RU
200 Заглавие и сведения об ответственности 1_
a Заглавие Съезд разоблачителей
e Сведения, относящиеся к заглавию [директор фонда "Историческая память" А. Дюков рассказывает о разоблачение Сталина на XX съезде КПСС]
f Первые сведения об ответственности А. Дюков
g Последующие сведения об ответственности бесед. О. Назаров
300 Общие примечания __
a Общие примечания 12+
461 Уровень набора _0
1 2000
a Историк
463 Уровень физической единицы _0
1 2000
a № 2
v С. 56-61 : фото
1 2101
d 2026
1 001RU/CBS_UL/BASE/db58796a22484442a29cb0e1ec5db407
600 Персоналии _1
a Персоналии (Фамилия) Сталин
b Персоналии (Имя, инициалы) И. В.
600 Персоналии _1
a Персоналии (Фамилия) Хрущёв
b Персоналии (Имя, инициалы) Н. С.
606 Тематические рубрики 0_
a Основная рубрика КПСС - Съезды
610 Ключевые слова 0_
a Ключевые слова КПСС
610 Ключевые слова 0_
a Ключевые слова съезды КПСС
610 Ключевые слова 0_
a Ключевые слова культ личности Сталина
610 Ключевые слова 0_
a Ключевые слова О культе личности и его последствиях (доклады)
610 Ключевые слова 0_
a Ключевые слова массовые репрессии
610 Ключевые слова 0_
a Ключевые слова сталинские репрессии
610 Ключевые слова 0_
a Ключевые слова сталинские политические репрессии
610 Ключевые слова 0_
a Ключевые слова Большой террор
610 Ключевые слова 0_
a Ключевые слова жертвы политических репрессий
610 Ключевые слова 0_
a Ключевые слова День памяти жертв политических репрессий
686 Индексы других классификаций __
2 Код системы rubbk
a Классификационный индекс 63.3(2)614-361
686 Индексы других классификаций __
a Классификационный индекс 66.632
700 Автор _1
a Фамилия Дюков
b Имя (инициалы) А.
801 Источник записи _0
a Страна RU
b Организация МБУК ЦБС г. Ульяновска
c Дата составления 20260312
g Правила каталогизации RCR
801 Источник записи _1
a Страна RU
b Организация МБУК ЦБС г. Ульяновска
c Дата составления 20260312
g Правила каталогизации RCR
901 Тип документа __
t Тип документа b
w Контрольный № источника RU/CBS_UL/BASE/db58796a22484442a29cb0e1ec5db407
909 Создатель записи __
a Создатель записи lib2